| 000 | 02384nam a2200253Ia 4500 | ||
|---|---|---|---|
| 003 | Ost | ||
| 005 | 20260507074844.0 | ||
| 008 | 260507s9999||||xx |||||||||||||| ||und|| | ||
| 020 | _a3416069931 | ||
| 040 | _cfsecg | ||
| 041 | _aara | ||
| 082 | _a330 | ||
| 100 |
_aقداوي، عبد القادر _eمؤلف |
||
| 245 | 0 |
_aالنمو السكاني والنفقات العامة في الجزائر : _bدراسة نظرية تحليلية قياسية / _c عبد القادر قداوي |
|
| 260 |
_aالجزائر: _bالمكتب الجامعي الحديث, _c2017 |
||
| 300 |
_a337 صفحة؛ _bجداول _c24 سم |
||
| 504 | _aملاحق ص. 275 بيبليوغرافيا ص.305 مصطلحات الدراسة 232 | ||
| 520 | _aالفصل الاول : البناء النظري لظاهرة النمو السكاني مفاهيم الظاهرة السكانية ، النظريات المفسرة للنمو السكاني ، محددات النمو السكاني ، خلاصة الفصل الفصل الثاني : مدخل مفامي لظاهرة تزايد النفقات العامة ماهية النفقات العامة ، ظاهرة تزايد النفقات العامة ، ضبط وترشيد النفقات العامة ، خلاصة الفصل الفصل الثالث : العلاقة النظرية للثنائية ( تزايد السكان - تزايد النفقات العامة ) مفهوم وتطور السياسات السكانية، قنوات تأثير النمو السكاني على النفقات العامة ، الاثار الاقتصادية الكلية للنمو السكاني ، خلاصة الفصل الفصل الرابع : تحليل وقياس أثر النمو السكاني على النفقات العامة في الجزائر للفترة 1990-2004 تطور ظاهرة السكانية وتزايد النفقات العامة في الجزائر ،التفسير الديمغرافي لتزايد النفقات العامة في الجزائر ، دراسة قياسية لاثر النمو السكاني على النفقات العامة في الجزائر للفترة 1990-2004 | ||
| 653 | _aالجزائر-النفقات العامة | ||
| 653 | _aالميزانية | ||
| 653 | _aالنمو الديموغرافي | ||
| 700 |
_aراتول، محمد _eمؤلف ثانوي |
||
| 942 | _cكتاب | ||
| 999 |
_c41530 _d41530 |
||